<?xml version="1.0" encoding="UTF-8"?>
<record
    xmlns:xsi="http://www.w3.org/2001/XMLSchema-instance"
    xsi:schemaLocation="http://www.loc.gov/MARC21/slim http://www.loc.gov/standards/marcxml/schema/MARC21slim.xsd"
    xmlns="http://www.loc.gov/MARC21/slim">

  <leader>00823nam a22001817a 4500</leader>
  <controlfield tag="003">LK-CoMWRAF</controlfield>
  <controlfield tag="005">20231201123908.0</controlfield>
  <controlfield tag="008">230909b        |||||||| |||| 00| 0 eng d</controlfield>
  <datafield tag="040" ind1=" " ind2=" ">
    <subfield code="a">LK-CoMWRAF</subfield>
    <subfield code="d">LK-CoMWRAF</subfield>
    <subfield code="e">LK-CoMWRAF</subfield>
  </datafield>
  <datafield tag="041" ind1=" " ind2=" ">
    <subfield code="a">sin</subfield>
  </datafield>
  <datafield tag="082" ind1=" " ind2=" ">
    <subfield code="a">355</subfield>
    <subfield code="b">BAR</subfield>
  </datafield>
  <datafield tag="100" ind1=" " ind2=" ">
    <subfield code="a">&#xDB6;&#xDD0;&#xDBB;&#xDD3;, &#xDA2;&#xDDA;&#xDB1;&#xDCA;</subfield>
  </datafield>
  <datafield tag="245" ind1=" " ind2=" ">
    <subfield code="a">&#xDB4;&#xDD2;&#xDC5;&#xDD2;&#xDAD;&#xDD4;&#xDBB;&#xDD4; &#xDBD;&#xDD9;&#xDC3; &#xDB1;&#xDD0;&#xD9C;&#xDD3; &#xDC3;&#xDD2;&#xDA7;&#xDD2;&#xDB8;&#xDD4; :</subfield>
    <subfield code="b">&#xD9C;&#xDD0;&#xDA7;&#xDD4;&#xDB8;&#xDCA;&#xD9A;&#xDCF;&#xDBB;&#xDD3; &#xDC0;&#xDCF;&#xDAD;&#xDCF;&#xDC0;&#xDBB;&#xDAB;&#xDBA;&#xD9A; &#xDC3;&#xDCA;&#xDAD;&#xDCA;&#x200D;&#xDBB;&#xDD3; &#xD9A;&#xDCA;&#x200D;&#xDBB;&#xDD2;&#xDBA;&#xDCF;&#xD9A;&#xDCF;&#xDBB;&#xDD2;&#xDAD;&#xDCA;&#xDC0;&#xDBA;</subfield>
  </datafield>
  <datafield tag="246" ind1=" " ind2=" ">
    <subfield code="a">Pilithuru lesa nagee sitimu : gatumkaaree wathawaranayaka sthree kriyakaarithwaya</subfield>
  </datafield>
  <datafield tag="260" ind1=" " ind2=" ">
    <subfield code="a">&#xD9A;&#xDDC;&#xDC5;&#xDB9; :</subfield>
    <subfield code="b">&#xDB8;&#xDCF;&#xDB1;&#xDC0; &#xDC4;&#xDD2;&#xDB8;&#xDD2;&#xD9A;&#xDB8;&#xDCA; &#xDAF;&#xDAD;&#xDCA;&#xDAD; &#xD9A;&#xDDA;&#xDB1;&#xDCA;&#xDAF;&#xDCA;&#x200D;&#xDBB;&#x200D;&#xDBA;,</subfield>
  </datafield>
  <datafield tag="650" ind1=" " ind2=" ">
    <subfield code="a">&#xDC3;&#xDCA;&#xDAD;&#xDCA;&#x200D;&#xDBB;&#xDD3; &#xD9A;&#xDCA;&#x200D;&#xDBB;&#xDD2;&#xDBA;&#xDCF;&#xD9A;&#xDCF;&#xDBB;&#xDD2;&#xDAD;&#xDCA;&#xDC0;&#xDBA;</subfield>
  </datafield>
  <datafield tag="942" ind1=" " ind2=" ">
    <subfield code="c">BK</subfield>
  </datafield>
  <datafield tag="952" ind1=" " ind2=" ">
    <subfield code="0">0</subfield>
    <subfield code="1">0</subfield>
    <subfield code="4">0</subfield>
    <subfield code="7">0</subfield>
    <subfield code="a">MAIN</subfield>
    <subfield code="b">MAIN</subfield>
    <subfield code="d">2023-09-09</subfield>
    <subfield code="l">0</subfield>
    <subfield code="o">355 BAR</subfield>
    <subfield code="p">RAF1006</subfield>
    <subfield code="r">2023-09-09</subfield>
    <subfield code="w">2023-09-09</subfield>
    <subfield code="y">BK</subfield>
  </datafield>
  <datafield tag="999" ind1=" " ind2=" ">
    <subfield code="c">3513</subfield>
    <subfield code="d">3513</subfield>
  </datafield>
</record>
